<?xml version="1.0" encoding="UTF-8"?>
<collection xmlns:xsi="http://www.w3.org/2001/XMLSchema-instance" xsi:schemaLocation="http://www.loc.gov/MARC21/slim http://www.loc.gov/standards/marcxml/schema/MARC21slim.xsd" xmlns="http://www.loc.gov/MARC21/slim">
 <record>
  <leader>00000cam a22000004i 4500</leader>
  <controlfield tag="001">UP-99796217611795962</controlfield>
  <controlfield tag="003">Buklod</controlfield>
  <controlfield tag="005">20150930085250.0</controlfield>
  <controlfield tag="006">a     r    |||| u|</controlfield>
  <controlfield tag="007">ta</controlfield>
  <controlfield tag="008">141106s2015    nyua    rb   |001 0|eng d</controlfield>
  <datafield tag="020" ind1=" " ind2=" ">
   <subfield code="a">9781621820833 (hardback)</subfield>
  </datafield>
  <datafield tag="035" ind1=" " ind2=" ">
   <subfield code="a">(iLib)UPD-00249809066</subfield>
  </datafield>
  <datafield tag="040" ind1=" " ind2=" ">
   <subfield code="a">DLC</subfield>
   <subfield code="d">DNIMBB</subfield>
   <subfield code="e">rda</subfield>
  </datafield>
  <datafield tag="041" ind1=" " ind2=" ">
   <subfield code="a">eng</subfield>
  </datafield>
  <datafield tag="090" ind1=" " ind2=" ">
   <subfield code="a">K 1519 B54</subfield>
   <subfield code="b">I584 2015</subfield>
  </datafield>
  <datafield tag="245" ind1="0" ind2="0">
   <subfield code="a">Intellectual property in molecular medicine</subfield>
   <subfield code="c">edited by Salim Mamajiwalla, Rochelle Seide.</subfield>
  </datafield>
  <datafield tag="264" ind1=" " ind2="1">
   <subfield code="a">Cold Spring Harbor, New York</subfield>
   <subfield code="b">Cold Spring Harbor Laboratory Press</subfield>
   <subfield code="c">[2015]</subfield>
  </datafield>
  <datafield tag="300" ind1=" " ind2=" ">
   <subfield code="a">ix, 289 pages</subfield>
   <subfield code="b">color illustrations</subfield>
   <subfield code="c">26 cm</subfield>
  </datafield>
  <datafield tag="336" ind1=" " ind2=" ">
   <subfield code="a">text</subfield>
   <subfield code="2">rdacontent</subfield>
  </datafield>
  <datafield tag="337" ind1=" " ind2=" ">
   <subfield code="a">unmediated</subfield>
   <subfield code="2">rdamedia</subfield>
  </datafield>
  <datafield tag="338" ind1=" " ind2=" ">
   <subfield code="a">volume</subfield>
   <subfield code="2">rdacarrier</subfield>
  </datafield>
  <datafield tag="500" ind1=" " ind2=" ">
   <subfield code="a">&quot;A subject collection from Cold Spring Harbor perspectives in medicine.&quot;</subfield>
  </datafield>
  <datafield tag="504" ind1=" " ind2=" ">
   <subfield code="a">Includes bibliographical references and index.</subfield>
  </datafield>
  <datafield tag="505" ind1="8" ind2=" ">
   <subfield code="a">Machine generated contents note: -- (preliminary) -- 1. Introduction to Intellectual Property: A US Perspective -- Amanda Murphy, Michael Stramiello, Tom Irving, and Stacy Lewis -- 2. Impact of America Invents Act on Biotech Intellectual Property -- Amanda Murphy, Michael Stramiello, Tom Irving, and Stacy Lewis -- 3. Patenting the Life Sciences at the European Patent Office -- Christina Gates -- 4. The Role of Regulatory Agencies and Intellectual Property -- Kevin Noonan -- 5. Regulatory Law and Intellectual Property in Europe -- Anne Bateman -- 6. Canada's Patented Medicines (Notice of Compliance) Proceedings and Intellectual Property -- Henry Bian and Conor McCourt -- 7. Inventorship and Authorship -- Antoinette F. Konski -- 8. Must an Inventor &quot;Possess&quot; an Invention to Patent It? -- Warren D. Woessner and Robin A. Chadwick.</subfield>
  </datafield>
  <datafield tag="505" ind1="8" ind2=" ">
   <subfield code="a">9. What is Your Reasonable Expectation of Success in Obtaining Pharmaceutical or Biotechnology Patents Having Non-Obvious Claimed Inventions that Will courts Will Uphold? An Overview of Obviousness Court Decisions -- Daniel Pereira and Stephen G. Kunin -- 10. Inherent Anticipation in Pharma and Biotech -- Michael Goldman, Georgia Evans, and Andrew Zappia -- 11. Baseball Bats and Chocolate Chip Cookies: The Judicial Treatment of DNA in the Myriad Genetics Litigation -- Ian Binnie and Vanessa Park-Thompson -- 12. Patentability of Genes: An EU Perspective -- Paul Cole -- 13. Decoding Gene Patents in Australia -- Adam Denley and James Cherry -- 14. The Impact of Myriad and Mayo: Will Advancements in the Biological Sciences be Spurred or Disincentivized? (Or, Wasn't Biotech Patenting Complicated Enough?) -- Jennifer Gordon.</subfield>
  </datafield>
  <datafield tag="505" ind1="8" ind2=" ">
   <subfield code="a">15. The Impact of Myriad on the Future Development and Commercialization of DNA-Based Therapies and Diagnostics -- Michele Wales -- 16. Research Use Exemptions to Patent Infringement for Drug Discovery and Development in the United States -- Alicia A. Russo and Jason Johnson -- 17. Research Exemption / Experimental Use in the EU: Patents Do Not Block the Progression of Science -- Hans-Rainer Jaenichen and Johann Pitz -- 18. Patenting Stem Cell Technologies in the US -- Donald L. Zuhn -- 19. Patenting Stem Cell Technologies in Europe -- Andrew Sheard -- 20. The Patentability of Stem Cells in Australia -- Jenny Petering and Prue Cowin -- 21. Patentability of Self-Replicating Technologies -- Richard H. Shear -- 22. Protecting Traditional Knowledge Related to Biological Resources: Is Scientific Research Going to Become More Bureaucratized? -- Prashant Reddy and Malathi Lakshmikumaran -- 23. Licensing Biotech IP in University Industry Partnerships -- Vladimir Drozdoff and Daryl Fairbairn -- 24. Trade Secrets in Life Science and Pharmaceutical Companies -- Tara Nealey, Ronald M. Daignault, and Yu Cai -- 25. Trade Secrets in Canada -- Noel Courage and Janice Calzavara.</subfield>
  </datafield>
  <datafield tag="650" ind1=" " ind2="0">
   <subfield code="a">Biotechnology</subfield>
   <subfield code="v">Patents.</subfield>
  </datafield>
  <datafield tag="650" ind1=" " ind2="0">
   <subfield code="a">Intellectual property.</subfield>
  </datafield>
  <datafield tag="650" ind1=" " ind2="0">
   <subfield code="a">Molecular biology.</subfield>
  </datafield>
  <datafield tag="700" ind1="1" ind2=" ">
   <subfield code="a">Mamajiwalla, Salim</subfield>
   <subfield code="e">editor.</subfield>
  </datafield>
  <datafield tag="700" ind1="1" ind2=" ">
   <subfield code="a">Seide, Rochelle K.</subfield>
   <subfield code="e">editor.</subfield>
  </datafield>
  <datafield tag="905" ind1=" " ind2=" ">
   <subfield code="a">FO</subfield>
  </datafield>
  <datafield tag="852" ind1="0" ind2=" ">
   <subfield code="a">UPD</subfield>
   <subfield code="b">DIMBB</subfield>
   <subfield code="h">K 1519 B54 I584 2015</subfield>
  </datafield>
  <datafield tag="942" ind1=" " ind2=" ">
   <subfield code="a">Book</subfield>
  </datafield>
 </record>
</collection>
